000 01355cam a2200145 4500500
005 20260322000412.0
041 _afre
042 _adc
100 1 0 _aLebreton, Philippe
_eauthor
700 1 0 _aLefebvre Dalloz Compétences
_eauthor
245 0 0 _aLes 5 clés pour prendre la parole en public
260 _bDunod,
_c2025.
520 _aAVEC LES 5 CLÉS, CULTIVER VOS TALENTS, C’EST FACILE !Prendre la parole en public est un exercice essentiel, quel que soit votre domaine: pour défendre une idée, présenter un budget, faire une présentation… Pourtant, l’expression orale reste souvent synonyme de stress et d’appréhension. Alors comment dépasser sa timidité et réussir son intervention ?Si vous êtes décidé à dire STOP au trac et aux hésitations, ce petit livre est fait pour vous. À travers des conseils éprouvés et des exemples inspirants, vous apprendrez à structurer vos interventions, à gérer votre stress et à captiver votre auditoire. Grâce à ces 5 clés, vos prises de parole deviendront enfin des moments de confiance et d’efficacité !Une approche clés en mainTout l’essentiel en 96 pagesRepères, auto-évaluations et exemples concrets
856 4 1 _uhttps://shs.cairn.info/les-5-cles-pour-prendre-la-parole-en-public--9782100875825?lang=fr&redirect-ssocas=7080
999 _c1705858
_d1705858